Movies by Opening Narration III Quiz Stats

 Plays Quiz Updated Jun 27, 2015

Challenge
Share
Tweet
Embed
Score 0/25 Timer 08:00
10 Plays Today
% Correct
Terminator 3: Rise of the Machines
93.7%
Babe
93.2%
JFK
90.5%
Angels & Demons
87.8%
Casablanca
87.4%
Love Actually
87%
Zombieland
85%
Spartacus
84.6%
Apocalypse Now
83.7%
Fight Club
83.2%
Pacific Rim
83.1%
TRON: Legacy
82.6%
Kick-Ass
80.5%
% Correct
Mighty Morphin Power Rangers: The Movie
76.6%
Conan the Barbarian
74.7%
Fear and Loathing in Las Vegas
73.9%
Transformers
72.6%
Million Dollar Baby
70.3%
A Clockwork Orange
70%
The Royal Tenenbaums
64%
Gangster Squad
63.4%
The Descendants
60.7%
Stranger Than Fiction
58.5%
Snatch
53.4%
Highlander
48.4%

You're not logged in!

Compare scores with friends on all Sporcle quizzes.
Join for Free
OR
Log In

You Might Also Like...

Show Comments

Extras

Top Quizzes Today


Score Distribution

Your Account Isn't Verified!

In order to create a playlist on Sporcle, you need to verify the email address you used during registration. Go to your Sporcle Settings to finish the process.

Report this User

Report this user for behavior that violates our Community Guidelines.

Details: